000 00300nam a22001337a 4500
008 181204b xxu||||| |||| 00| 0 eng d
020 _a9780470618356
041 _aeng
080 _a510
100 _a37
101 _aMAT
245 _aCalculus Essentials For Dummies
_cMark.r
942 _2udc
_cBK
999 _c52814
_d52814